| 000 | 00452nam a2200169Ia 4500 | ||
|---|---|---|---|
| 005 | 20250423095632.0 | ||
| 008 | 250422s9999 xx 000 0 und d | ||
| 020 | _a0- 88266- 955- 9 | ||
| 050 | _aSF285.3.H54/ | ||
| 100 | _aRichard Klimesh | ||
| 245 | 0 | _aHorse health care: a step by step photographic guide to mastering over 100 horse- keeping skills | |
| 260 | _bStorey | ||
| 260 | _c1997 | ||
| 300 | _a151 p | ||
| 650 | _aHorses | ||
| 942 | _cBK | ||
| 999 |
_c30873 _d30873 |
||